000 00376nam a2200133Ia 4500
005 20260328104331.0
008 260328s9999||||xx |||||||||||||| ||und||
100 _aSzejner, Michelle
245 0 _aJardines en Balsas :
_b100 Plantas útiles de jaqué, Darién , Panamá. /
_cMichelle Szejner
260 _bAlmanaque Azul
300 _a211 p.
650 _aPANAMÁ
942 _cBK
999 _c11697
_d11697